000 00515nmm a2200157Ia 4500
008 251105s9999||||xx |||||||||||||||||und||
041 _aspa
100 _aMissé, Miquel & Galofre, Pol
245 0 _aPolíticas trans :
_b Una antología de textos desde los estudios trans norteamericanos
264 _a[Madrid, España] :
_bEditorial Egales,
_c2015
300 _a250 páginas
490 _aEnsayo
650 _aGender and Women Studies
856 _uhttps://public.digitaliapublishing.com/a/175917
942 _cCF
999 _c99185
_d99185